Otra gente... y las mismas palabras /

Saved in:
Bibliographic Details
Main Author: Sandoval Godoy, Luis (autor)
Format: Book
Language:Español
Published: Guadalajara, México : edición de autor, 2014, c2014
Subjects:
Tags: Add Tag
No Tags, Be the first to tag this record!

MARC

LEADER 00000nam^a2200000^a^4500
001 000624509
005 20251217135002.0
009 20260310133957.609
025 |a Donación sin dato, 1 ejemplar 
037 |a Acervo ITESO - Biblioteca 
041 |a ESP 
082 |a 864.  |b SAN 
100 |a Sandoval Godoy, Luis  |e (autor) 
245 1 0 |a Otra gente... y las mismas palabras /  |c L. Sandoval Godoy. 
264 4 |a Guadalajara, México :  |b edición de autor,  |c 2014, c2014 
300 |a 247 p. 
336 |a texto  |b txt  |2 rdacontenido 
337 |a sin mediación  |b n  |2 rdamedio 
338 |a volumen  |b nc  |2 rdasoporte 
545 0 |a Prólifico narrador del Jalisco del siglo XX, Luis Sandoval Godoy (El Teúl, 1927-Guadalajara, 2019) fue un escritor, cronista, periodista y editor originario de Zacatecas. Llegó a Guadalajara en los últimos años de la adolescencia para estudiar en el Seminario Diocesano, ciudad que se convirtió en su residencia permanente. Desde 1964 colaboró con el diario El Informador como reportero, editor y columnista. Se desempeñó como docente en la Facultad de Filosofía y Letras de la Universidad de Guadalajara, fue colaborador en la Sociedad de Geografía y Estadística, y en la estación XEBA de la radio jalisciense. Su obra es extensa, ya que incursionó en distintos géneros: escribió narrativa, ensayo, biografía, libros de corte histórico y cultural. Sus obras están inmersas en la historia, las tradiciones y los habitantes de Jalisco y Zacatecas. Cuenta con libros dedicados al esplendor del campo y de los pueblos; es también evidente su amplio conocimiento de la Guerra Cristera y sus principales actores, que se convierten en tema recurrente en su obra. En narrativa es autor de: Los niños, los viejos y la muerte (1965), Gentes (1967), Las malas lenguas (1969), Pueblos (1971), Lugares (1974), Haciendas (1974), Cuentan... (1974), Al paso de la luz (2011), El último cristero (2011), La sangre llegó hasta el río (2012), Nos alcanzó el eco de lejanas voces (2016). Entre los títulos dedicados a la Guerra Cristera se encuentran: Magallanes y Caloca nuestros mártires (1992), San Agustín Caloca, heraldo de Cristo (2011), Por el signo de la cruz San Román Adame (2012), Glorificados en cristo (2016), A'i viene la bola: estampas de la Guerra Cristera (2018). Mientras que títulos dedicados a las tradiciones y cultura de pueblos destacan: Tradiciones y artesanías (1979), Un rincón de la suave patria (1980), Modos de hablar en Jalisco (2004), Al filo de Yañez (2004), Dolor que canta, Alfredo R. Placencia (2009), entre otros. 
649 |a XX 
650 |a Ensayos Jaliscienses 
650 |a Ensayos Mexicanos 
650 |a Literatura Jalisciense -  |y Siglo XXI 
650 |a Literatura Mexicana -  |y Siglo XXI 
910 |a Fondo General 
920 |a Impresos - Libros 
930 |a Colección General 
940 |a Literatura 
905 |a 101 
901 |a 624509-10  |b IT1  |c LIT  |i D  |u 20251112 
902 |a https://opac.biblio.iteso.mx/vufind/Record/000624509